000 01118cgm a2200301 4500
001 J459
008 090401t1992 xxu||||| |||| 00| 0 eng d
035 _a(Sirsi) u75100
041 _aeng
050 _a658.3
100 _aBooth, Bob
245 _aPeople in profit (a series on managing people in business): Programme No. 2: What was the question? (sound recording).
260 _aLondon
_bRoyal Institution of Chartered Surveyors
_c1992
300 _a1 sound cassette (60 min.)
350 _a8.7
490 _aOwlion Audio Programme
520 _aAcknowledgees that good decision making is based on an abundance of relevant information and explains the questioning and answer techniques used to access such information.
650 _aAUDIO CASSETTES
650 _aABOUT RICS-RICS MEMBERS
650 _aDECISION MAKING
650 _aINFORMATION
650 _aPERSONNEL MANAGEMENT
690 _aMANAGEMENT-BUSINESS MANAGEMENT-PROFESSIONAL PRACTICE
710 _aRoyal Institution of Chartered Surveyors
_94900
710 _aCollege of Estate Management
_9400
942 _n0
948 _c04/03/1997
999 _c85335
_d85335